| 000 | 00726nam a2200217 a 4500 | ||
|---|---|---|---|
| 005 | 20251028063937.0 | ||
| 008 | 040816s1993 mx r 000 0 spa d | ||
| 020 | _a9682953324 | ||
| 035 | _aUPN01000134242 | ||
| 049 | _aLTG | ||
| 050 | 4 |
_aLB1589 _bM6 1993 LM |
|
| 100 | 1 |
_aBlock Sevilla, David _932624 |
|
| 245 | 1 | 0 |
_aPrimaria : _bcuaderno para el maestro : matemáticas / _cDavid Block, Hugo Balbuena, Irma Fuenlabrada. |
| 260 |
_aMéxico : _bSEP, _c1993. |
||
| 300 | _a47 p. | ||
| 440 | 0 | _aPrograma de actualización del maestro | |
| 650 | 4 |
_aMatemáticas _xEstudio y enseñanza (Elemental) _92809 |
|
| 700 | 1 |
_aBalbuena, Hugo, _ecoaut. |
|
| 700 | 1 |
_aFuenlabrada Velázquez, Irma Rosa, _ecoaut. _937094 |
|
| 905 | _aLibro | ||
| 999 |
_c106393 _d106393 |
||